000 00601nam a22001817a 4500
005 20250407143452.0
010 _aENG-144521
020 _a9788176473774
_c225.00
035 _aEN-128053
037 _bDBAD
082 _a954.035
100 _aMohinder Paul Singh
_980398
245 _aThe liberators:
_bThe Sikh Jathedars, Missaldars & Sirdars/
_cMohinder Paul Singh
260 _aLudhiana
_bLahore Books
_c2015
270 _bLudhiana
_a2, Lajpat Rai Market, Near Society Cinema
_e141008
_mwww.lahorepublishers.com
300 _a144p.
_b21cm(pb)
942 _2ddc
_cEN
_h954.035
_mMOH
999 _c210864
_d210864